[Event "Titled Tuesday intern op 23rd Apr Late"]
[Site "Chess.com INT"]
[Date "2024.04.23"]
[Round "3"]
[White "Dudin, Gleb"]
[Black "Kovalevsky, Stanislav"]
[Result "1-0"]
[WhiteElo "2546"]
[BlackElo "2128"]
[PlyCount "79"]
[EventDate "2024.04.23"]
[EventType "swiss (blitz)"]
[EventRounds "11"]
[EventCountry "USA"]
[SourceTitle "CB18_2024"]
[SourceDate "2024.05.01"]
[SourceVersion "1"]
[SourceVersionDate "2024.05.01"]
[SourceQuality "2"]

1. Nf3 d5 2. c4 c6 3. g3 Nf6 4. Bg2 Nbd7 5. 0-0 e6 6. b3 Be7 7. Bb2 0-0 8. Nc3 Re8 9. d4 Ne4 10. Nxe4 dxe4 11. Ne5 f5 12. Nxd7 Bxd7 13. f3 exf3 14. exf3 Bf6 15. f4 a5 16. Qd2 a4 17. Rfd1 Qb6 18. Qe3 axb3 19. axb3 Kf7 20. Ba3 Red8 21. Bc5 Rxa1 22. Rxa1 Qxc5 23. dxc5 Bxa1 24. Qd2 Ke8 25. b4 Bc8 26. Qc2 Bd4+ 27. Kf1 Be3 28. Qc3 Bd4 29. Qa3 e5 30. fxe5 Be6 31. Qb3 Ke7 32. b5 Bxe5 33. bxc6 bxc6 34. Bxc6 Rd2 35. Bd5 Rxh2 36. Qb7+ Kf6 37. Qc6 Bxg3 38. Qxe6+ Kg5 39. c6 f4 40. c7 1-0

[Event "Titled Tuesday intern op 23rd Apr Late"]
[Site "Chess.com INT"]
[Date "2024.04.23"]
[Round "5"]
[White "Kovalevsky, Stanislav"]
[Black "Golubev, Mikhail"]
[Result "1-0"]
[WhiteElo "2128"]
[BlackElo "2461"]
[PlyCount "83"]
[EventDate "2024.04.23"]
[EventType "swiss (blitz)"]
[EventRounds "11"]
[EventCountry "USA"]
[SourceTitle "CB18_2024"]
[SourceDate "2024.05.01"]
[SourceVersion "1"]
[SourceVersionDate "2024.05.01"]
[SourceQuality "2"]

1. c4 g6 2. Nc3 Bg7 3. g3 e5 4. Bg2 d6 5. e4 Nc6 6. Nge2 Nd4 7. h3 Ne7 8. d3 Nxe2 9. Qxe2 0-0 10. Nd5 Nc6 11. Be3 Nd4 12. Bxd4 exd4 13. h4 c6 14. Nf4 Qa5+ 15. Kf1 Be5 16. h5 g5 17. Nh3 h6 18. f4 Bxh3 19. Rxh3 gxf4 20. Qg4+ Bg7 21. gxf4 f5 22. exf5 Qxf5 23. Rg3 Qxf4+ 24. Kg1 Qxg4 25. Rxg4 Rae8 26. Be4 Re5 27. Bg6 b5 28. b3 bxc4 29. bxc4 Rb8 30. Rf1 Rb2 31. Be4 d5 32. cxd5 cxd5 33. Bg2 Rxh5 34. Rc1 Rb5 35. Rc8+ Kh7 36. Rc7 Rg5 37. Rxg5 hxg5 38. Rxa7 Kg6 39. a4 Rb2 40. a5 Be5 41. Bxd5 g4 42. a6 1-0

[Event "Titled Tuesday intern op 23rd Apr Late"]
[Site "Chess.com INT"]
[Date "2024.04.23"]
[Round "8"]
[White "Kovalevsky, Stanislav"]
[Black "Zhu, Jiner"]
[Result "1-0"]
[WhiteElo "2128"]
[BlackElo "2463"]
[PlyCount "139"]
[EventDate "2024.04.23"]
[EventType "swiss (blitz)"]
[EventRounds "11"]
[EventCountry "USA"]
[SourceTitle "CB18_2024"]
[SourceDate "2024.05.01"]
[SourceVersion "1"]
[SourceVersionDate "2024.05.01"]
[SourceQuality "2"]

1. e4 e5 2. Nf3 Nc6 3. Bb5 a6 4. Ba4 d6 5. 0-0 Bd7 6. c3 g6 7. d4 Bg7 8. Be3 Nf6 9. Nbd2 0-0 10. h3 Re8 11. Bxc6 Bxc6 12. dxe5 dxe5 13. Qc2 Qe7 14. Bg5 Qe6 15. Rfe1 h6 16. Bh4 Nh5 17. Nb3 b6 18. Rad1 a5 19. Nc1 a4 20. a3 g5 21. Bg3 Rad8 22. Nd3 Nxg3 23. fxg3 f5 24. exf5 Qxf5 25. Nb4 Qxc2 26. Nxc2 e4 27. Nfd4 Bd7 28. Ne3 Be5 29. g4 Bg3 30. Re2 c5 31. Ndc2 Bb5 32. Rxd8 Rxd8 33. c4 Bc6 34. Kf1 Be5 35. Nf5 Rd1+ 36. Kf2 Kh7 37. Nce3 Rb1 38. Nd5 Rxb2 39. Nfe7 Bb7 40. Rxb2 Bxb2 41. Nxb6 Bxa3 42. Nxa4 Kg7 43. Ke3 Kf7 44. Nf5 Kg6 45. Nc3 Bc1+ 46. Ke2 h5 47. Ne7+ Kf7 48. Ned5 hxg4 49. hxg4 Ke6 50. Nxe4 Bxd5 51. cxd5+ Kxd5 52. Ng3 c4 53. Nf1 Bf4 54. g3 Bc1 55. Nh2 Ke4 56. Nf3 c3 57. Ne1 Be3 58. Nc2 Bd2 59. Nb4 Kd4 60. Nc2+ Kc4 61. Na1 Kb4 62. Kd3 Be1 63. Nc2+ Kb3 64. Nd4+ Kb2 65. Nc2 Bxg3 66. Ne3 Bf2 67. Nd1+ Kb1 68. Nxc3+ Kb2 69. Nd1+ Kc1 70. Nxf2 1-0

[Event "Titled Tuesday intern op 16th Apr Late"]
[Site "Chess.com INT"]
[Date "2024.04.16"]
[Round "1"]
[White "Kovalevsky, Stanislav"]
[Black "Caspi, Israel"]
[Result "0-1"]
[WhiteElo "2128"]
[BlackElo "2468"]
[PlyCount "82"]
[EventDate "2024.04.16"]
[EventType "swiss (blitz)"]
[EventRounds "11"]
[EventCountry "USA"]
[SourceTitle "CB17_2024"]
[SourceDate "2024.04.24"]
[SourceVersion "1"]
[SourceVersionDate "2024.04.24"]
[SourceQuality "1"]

1. c4 e5 2. Nc3 Bb4 3. g3 Bxc3 4. dxc3 d6 5. Bg2 Nf6 6. e4 Be6 7. Qe2 Nbd7 8. Nf3 a5 9. Ng5 Bg4 10. f3 Bh5 11. 0-0 a4 12. Nh3 Nc5 13. Be3 b6 14. Rad1 a3 15. b3 Ncxe4 16. g4 Nxc3 17. Qd2 Nxd1 18. Rxd1 Bg6 19. f4 Nxg4 20. Bc6+ Ke7 21. Bxa8 Qxa8 22. Bxb6 Rc8 23. Bxc7 Qa7+ 24. Nf2 Qxc7 25. Nxg4 Qc5+ 26. Kf1 Bh5 27. fxe5 Bxg4 28. Qg5+ Kf8 29. Qxg4 dxe5 30. Rd5 Qc6 31. Rxe5 Qh1+ 32. Qg1 Qf3+ 33. Qf2 Qd1+ 34. Re1 Qd3+ 35. Qe2 Qf5+ 36. Qf2 Qg6 37. c5 h5 38. b4 Kg8 39. Re3 Rb8 40. Rb3 Qc6 41. Kg1 Rd8 0-1

[Event "Titled Tuesday intern op 16th Apr Late"]
[Site "Chess.com INT"]
[Date "2024.04.16"]
[Round "2"]
[White "Kovalevsky, Stanislav"]
[Black "Zhigalko, Sergei"]
[Result "0-1"]
[WhiteElo "2128"]
[BlackElo "2572"]
[PlyCount "88"]
[EventDate "2024.04.16"]
[EventType "swiss (blitz)"]
[EventRounds "11"]
[EventCountry "USA"]
[SourceTitle "CB17_2024"]
[SourceDate "2024.04.24"]
[SourceVersion "1"]
[SourceVersionDate "2024.04.24"]
[SourceQuality "1"]

1. e4 Nf6 2. e5 Nd5 3. Nf3 d6 4. exd6 exd6 5. d4 Be7 6. Bd3 0-0 7. c3 c5 8. 0-0 Nc6 9. h3 cxd4 10. Nxd4 Nxd4 11. cxd4 Be6 12. Nc3 Nxc3 13. bxc3 Rc8 14. Bd2 Bf6 15. Qb1 Qd7 16. Bxh7+ Kh8 17. Bd3 g6 18. Qb5 Qc7 19. Bg5 Bg7 20. Rac1 a6 21. Qb1 b5 22. Rfe1 Rfe8 23. Re4 Kg8 24. Rh4 Qd7 25. Bxg6 fxg6 26. Qxg6 Bf5 27. Qh5 Qf7 28. Qf3 Qg6 29. Be3 Be4 30. Qg4 Qxg4 31. Rxg4 Bd5 32. a3 Rc7 33. h4 Kh7 34. Rg5 Bf7 35. g4 Rec8 36. Rf5 Bg6 37. Rd5 Bf8 38. h5 Be4 39. Rg5 Be7 40. f4 Bxg5 41. fxg5 Rxc3 42. Rxc3 Rxc3 43. Bf4 d5 44. Kf2 Rf3+ 0-1

[Event "Titled Tuesday intern op 16th Apr Late"]
[Site "Chess.com INT"]
[Date "2024.04.16"]
[Round "4"]
[White "Olhovik, Andrei"]
[Black "Kovalevsky, Stanislav"]
[Result "0-1"]
[WhiteElo "2283"]
[BlackElo "2128"]
[PlyCount "82"]
[EventDate "2024.04.16"]
[EventType "swiss (blitz)"]
[EventRounds "11"]
[EventCountry "USA"]
[SourceTitle "CB17_2024"]
[SourceDate "2024.04.24"]
[SourceVersion "1"]
[SourceVersionDate "2024.04.24"]
[SourceQuality "1"]

1. d4 d5 2. c4 c6 3. Nf3 Nf6 4. e3 e6 5. b3 Nbd7 6. Bd3 Ne4 7. 0-0 f5 8. Qc2 Bd6 9. Ba3 Qe7 10. Bxd6 Qxd6 11. Nc3 0-0 12. Ne2 h6 13. Qb2 g5 14. Ne5 Nxe5 15. dxe5 Qb4 16. a3 Qd2 17. Ra2 Qxd3 18. Nc1 Qc3 19. Qe2 Qa5 20. b4 Qc7 21. Rc2 Qxe5 22. Nd3 Qg7 23. f3 Nd6 24. c5 Nc4 25. Nf2 e5 26. e4 Be6 27. exd5 cxd5 28. a4 a5 29. b5 Rac8 30. Nd3 e4 31. fxe4 dxe4 32. c6 Qd4+ 33. Nf2 bxc6 34. Rd1 Qe3 35. Qh5 Kg7 36. h4 Bf7 37. Rd7 Ne5 38. Re2 Qc1+ 39. Kh2 Nxd7 40. hxg5 Bxh5 41. gxh6+ Qxh6 0-1

[Event "Titled Tuesday intern op 02nd Apr Late"]
[Site "Chess.com INT"]
[Date "2024.04.02"]
[Round "8"]
[White "Hajiyev, Kanan"]
[Black "Kovalevsky, Stanislav"]
[Result "0-1"]
[WhiteElo "2099"]
[BlackElo "2128"]
[PlyCount "80"]
[EventDate "2024.04.02"]
[EventType "swiss (blitz)"]
[EventRounds "11"]
[EventCountry "USA"]
[SourceTitle "CB15_2024"]
[SourceDate "2024.04.10"]
[SourceVersion "1"]
[SourceVersionDate "2024.04.10"]
[SourceQuality "1"]

1. d4 e6 2. Nf3 d5 3. c4 Nf6 4. cxd5 exd5 5. Nc3 c6 6. Qc2 g6 7. Bg5 Bg7 8. e3 Bf5 9. Bd3 Bxd3 10. Qxd3 h6 11. Bh4 0-0 12. 0-0 Nbd7 13. Rab1 a5 14. Qc2 Re8 15. h3 g5 16. Bg3 Ne4 17. Nxe4 Rxe4 18. a3 h5 19. Nd2 Re6 20. b4 axb4 21. axb4 h4 22. Bh2 Nf6 23. b5 g4 24. Qf5 Ra2 25. Nb3 g3 26. fxg3 Rxe3 27. Nc1 Rd2 28. bxc6 hxg3 29. cxb7 gxh2+ 30. Kh1 Ne4 31. Qxf7+ Kh7 32. b8Q Ng3+ 33. Kxh2 Nxf1+ 34. Qxf1 Qg5 35. Rb2 Rxh3+ 36. Kxh3 Qh5+ 37. Kg3 Qg5+ 38. Kh2 Qh5+ 39. Kg1 Bxd4+ 40. Qf2 Rd1# 0-1

[Event "Titled Tuesday intern op 02nd Apr Late"]
[Site "Chess.com INT"]
[Date "2024.04.02"]
[Round "4"]
[White "Kovalevsky, Stanislav"]
[Black "Marino Bravo, Miguel Angel"]
[Result "1-0"]
[WhiteElo "2128"]
[BlackElo "2140"]
[PlyCount "89"]
[EventDate "2024.04.02"]
[EventType "swiss (blitz)"]
[EventRounds "11"]
[EventCountry "USA"]
[SourceTitle "CB15_2024"]
[SourceDate "2024.04.10"]
[SourceVersion "1"]
[SourceVersionDate "2024.04.10"]
[SourceQuality "1"]

1. c4 e6 2. e4 d5 3. exd5 exd5 4. cxd5 Nf6 5. Bb5+ Bd7 6. Bc4 Bc5 7. Nf3 Qe7+ 8. Qe2 Qxe2+ 9. Kxe2 0-0 10. d4 Re8+ 11. Be3 Bd6 12. Nc3 a6 13. a4 Bg4 14. h3 Bh5 15. g4 Bg6 16. Ne5 Bxe5 17. dxe5 Rxe5 18. f4 Rxe3+ 19. Kxe3 h5 20. f5 Bh7 21. Rhg1 Ne8 22. Kf4 Nd7 23. g5 Bxf5 24. Bxa6 Bxh3 25. Bxb7 Rb8 26. Bc6 Rxb2 27. Rg3 Bg4 28. Rxg4 hxg4 29. Bxd7 Nd6 30. Bxg4 Rb4+ 31. Kf3 Rb3 32. Rc1 Nc4 33. Ke2 Nb6 34. a5 Nc4 35. a6 Ra3 36. Bc8 Nb6 37. Bb7 Kf8 38. Nb5 Ra2+ 39. Kd3 Ke7 40. Rxc7+ Ke8 41. Nd6+ Kf8 42. Rxf7+ Kg8 43. g6 Nxd5 44. Bxd5 Rxa6 45. Rf6+ 1-0

[Event "Titled Tuesday intern op 02nd Apr Early"]
[Site "Chess.com INT"]
[Date "2024.04.02"]
[Round "2"]
[White "Novikova, Margarita"]
[Black "Kovalevsky, Stanislav"]
[Result "1-0"]
[WhiteElo "1999"]
[BlackElo "2128"]
[PlyCount "95"]
[EventDate "2024.04.02"]
[EventType "swiss (blitz)"]
[EventRounds "11"]
[EventCountry "USA"]
[SourceTitle "CB15_2024"]
[SourceDate "2024.04.10"]
[SourceVersion "1"]
[SourceVersionDate "2024.04.10"]
[SourceQuality "1"]

1. e4 c6 2. d4 d5 3. exd5 cxd5 4. Bd3 Nc6 5. c3 Nf6 6. Nf3 Bg4 7. 0-0 e6 8. Bg5 Be7 9. Nbd2 0-0 10. Qc2 Rc8 11. Bxf6 Bxf6 12. Bxh7+ Kh8 13. Qd3 g6 14. Bxg6 fxg6 15. Qxg6 Bf5 16. Qh6+ Kg8 17. g4 Bg7 18. Qh5 Bd3 19. Rfe1 Qe8 20. Qh3 Bg6 21. Ng5 Rf6 22. f4 Qd7 23. Ndf3 Rcf8 24. Ne5 Nxe5 25. Rxe5 Rxf4 26. Rxe6 R8f6 27. Rae1 Rf1+ 28. Rxf1 Rxe6 29. Nxe6 Qxe6 30. Qf3 Be4 31. Qf4 Qg6 32. h3 b6 33. Qb8+ Kh7 34. Qg3 Bh6 35. Qh4 Kg8 36. Qd8+ Kh7 37. Qe7+ Bg7 38. Qh4+ Qh6 39. Qxh6+ Kxh6 40. Rf7 a6 41. Rb7 Bb1 42. Rxb6+ Kg5 43. Rxa6 Kf4 44. Rg6 Bh8 45. Rg8 Bf6 46. Rf8 Kg5 47. h4+ Kg6 48. g5 1-0

[Event "Titled Tuesday intern op 12th Mar Late"]
[Site "Chess.com INT"]
[Date "2024.03.12"]
[Round "2"]
[White "Fishbein, Alexander"]
[Black "Kovalevsky, Stanislav"]
[Result "1-0"]
[WhiteElo "2387"]
[BlackElo "2128"]
[PlyCount "85"]
[EventDate "2024.03.12"]
[EventType "swiss (blitz)"]
[EventRounds "11"]
[EventCountry "USA"]
[SourceTitle "CB12_2024"]
[SourceDate "2023.10.01"]
[SourceVersion "1"]
[SourceVersionDate "2023.10.01"]
[SourceQuality "1"]

1. e4 c6 2. d4 d5 3. Nc3 dxe4 4. Nxe4 Nf6 5. Ng3 h5 6. h4 Nbd7 7. Nf3 e6 8. Bc4 Be7 9. c3 Nd5 10. Bg5 b5 11. Bb3 Bb7 12. Qd2 c5 13. Ne4 c4 14. Nd6+ Bxd6 15. Bxd8 Rxd8 16. Bc2 Bf4 17. Qe2 Bh6 18. g3 0-0 19. 0-0 Rfe8 20. Ng5 f6 21. Bh7+ Kh8 22. Nf7+ Kxh7 23. Nxd8 Rxd8 24. Qxe6 Nf8 25. Qf7 Ng6 26. Qxb7 f5 27. Qxb5 f4 28. Kh2 Rd6 29. Rae1 Nf6 30. Kg2 fxg3 31. fxg3 Rb6 32. Qxc4 Rxb2+ 33. Re2 Ng4 34. Rf3 Rb6 35. Qd3 a5 36. a4 Rb3 37. d5 Bc1 38. d6 Kh6 39. d7 N6e5 40. Rxe5 Nxe5 41. Qd6+ Ng6 42. d8Q Rb2+ 43. Kf1 1-0

[Event "Titled Tuesday intern op 13th Feb Early"]
[Site "Chess.com INT"]
[Date "2024.02.13"]
[Round "2"]
[White "Zeltsan, Joseph"]
[Black "Kovalevsky, Stanislav"]
[Result "0-1"]
[WhiteElo "2430"]
[BlackElo "2128"]
[PlyCount "54"]
[EventDate "2024.02.13"]
[EventType "swiss (blitz)"]
[EventRounds "11"]
[EventCountry "USA"]
[SourceTitle "CB08_2024"]
[SourceDate "2024.02.21"]
[SourceVersion "1"]
[SourceVersionDate "2024.02.21"]
[SourceQuality "1"]

1. Nf3 d5 2. g3 Bg4 3. Bg2 Nc6 4. d4 Qd7 5. h3 Bh5 6. 0-0 Nf6 7. Ne5 Nxe5 8. dxe5 Ne4 9. c4 e6 10. cxd5 exd5 11. Nc3 Nxc3 12. bxc3 c6 13. f4 Bc5+ 14. Kh2 Bg6 15. g4 Be4 16. Bxe4 dxe4 17. Qc2 h5 18. Kg3 hxg4 19. hxg4 Qe7 20. g5 Qe6 21. f5 Qxe5+ 22. Kg4 0-0-0 23. Bf4 Qe7 24. Rh1 g6 25. f6 Qe6+ 26. Kg3 Qf5 27. e3 Bxe3 0-1

[Event "Titled Tuesday intern op 06th Feb Late"]
[Site "Chess.com INT"]
[Date "2024.02.06"]
[Round "4"]
[White "Stark, Lars"]
[Black "Kovalevsky, Stanislav"]
[Result "1-0"]
[WhiteElo "2367"]
[BlackElo "2128"]
[PlyCount "61"]
[EventDate "2024.02.06"]
[EventType "swiss (blitz)"]
[EventRounds "11"]
[EventCountry "USA"]
[SourceTitle "CB07_2024"]
[SourceDate "2024.02.14"]
[SourceVersion "1"]
[SourceVersionDate "2024.02.14"]
[SourceQuality "1"]

1. c4 c6 2. Nf3 d5 3. g3 Nf6 4. Bg2 Ne4 5. d3 Nd6 6. Nbd2 Bf5 7. b3 dxc4 8. bxc4 e6 9. Rb1 Nd7 10. 0-0 Be7 11. Nd4 Bg6 12. Ba3 0-0 13. Bxd6 Bxd6 14. Rxb7 Ne5 15. Nxc6 Nxc6 16. Bxc6 Rc8 17. Bg2 Bc5 18. Nb3 Bb6 19. c5 Bxc5 20. Nxc5 Rxc5 21. Rxa7 Ra5 22. Rxa5 Qxa5 23. Qc2 h6 24. Rb1 Rd8 25. h4 Rd4 26. Bf3 Ra4 27. Rb2 Bf5 28. Qd2 e5 29. Qxa5 Rxa5 30. Be4 Be6 31. Rb8+ 1-0

[Event "Titled Tuesday intern op 23rd Jan Late"]
[Site "Chess.com INT"]
[Date "2024.01.23"]
[Round "4"]
[White "Bazzano, Sebastian"]
[Black "Kovalevsky, Stanislav"]
[Result "0-1"]
[WhiteElo "2288"]
[BlackElo "2163"]
[PlyCount "78"]
[EventDate "2024.01.23"]
[EventType "swiss (blitz)"]
[EventRounds "11"]
[EventCountry "USA"]
[SourceTitle "CB05_2024"]
[SourceDate "2024.01.31"]
[SourceVersion "1"]
[SourceVersionDate "2024.01.31"]
[SourceQuality "1"]

1. d4 d5 2. Bf4 c5 3. e4 cxd4 4. Qxd4 Nc6 5. Qxd5 Be6 6. Qxd8+ Rxd8 7. Na3 g6 8. Nf3 Bg7 9. c3 Nf6 10. Nd2 0-0 11. Bc4 Nh5 12. Be3 Ne5 13. Bxe6 Nd3+ 14. Ke2 fxe6 15. Rab1 Nhf4+ 16. Kf1 Bh6 17. Nb5 Nh3 18. Nf3 Bxe3 19. fxe3 Nhf2 20. Rg1 Nxe4 21. Ke2 g5 22. Rgf1 g4 23. Nfd4 Rxf1 24. Rxf1 Nxb2 25. Rf4 Nf6 26. Nxe6 Rc8 27. Rd4 a6 28. Nbc7 Kf7 29. Rd8 Rxd8 30. Nxd8+ Kg6 31. Nxb7 Na4 32. Nxa6 Nxc3+ 33. Kd3 Nxa2 34. Nac5 Nb4+ 35. Ke2 Nbd5 36. Nd8 Kf5 37. Nde6 Nc3+ 38. Kf2 Nce4+ 39. Ke2 Nxc5 0-1

[Event "Titled Tuesday intern op 23rd Jan Late"]
[Site "Chess.com INT"]
[Date "2024.01.23"]
[Round "2"]
[White "Kovalevsky, Stanislav"]
[Black "Tristan, Leonardo"]
[Result "0-1"]
[WhiteElo "2163"]
[BlackElo "2515"]
[PlyCount "48"]
[EventDate "2024.01.23"]
[EventType "swiss (blitz)"]
[EventRounds "11"]
[EventCountry "USA"]
[SourceTitle "CB05_2024"]
[SourceDate "2024.01.31"]
[SourceVersion "1"]
[SourceVersionDate "2024.01.31"]
[SourceQuality "1"]

1. e4 d5 2. exd5 Qxd5 3. Nf3 Bg4 4. Be2 Nc6 5. 0-0 0-0-0 6. a3 Nf6 7. b4 e5 8. b5 Nd4 9. Nxd4 Qxd4 10. c3 Bxe2 11. Qxe2 Qe4 12. Re1 Qxe2 13. Rxe2 e4 14. c4 Bc5 15. Bb2 Bd4 16. Nc3 Rhe8 17. Rae1 Re5 18. d3 exd3 19. Rxe5 d2 20. Re7 Bc5 21. R7e2 dxe1Q+ 22. Rxe1 Rd2 23. Re2 Rd4 24. Ne4 Rd1+ 0-1

[Event "Titled Tuesday intern op 16th Jan Late"]
[Site "Chess.com INT"]
[Date "2024.01.16"]
[Round "1"]
[White "Kovalevsky, Stanislav"]
[Black "Garcia Ramos, Daniel"]
[Result "0-1"]
[WhiteElo "2163"]
[BlackElo "2436"]
[PlyCount "79"]
[EventDate "2024.01.16"]
[EventType "swiss (blitz)"]
[EventRounds "11"]
[EventCountry "USA"]
[SourceTitle "CB04_2024"]
[SourceDate "2023.10.16"]
[SourceVersion "1"]
[SourceVersionDate "2023.10.16"]
[SourceQuality "1"]

1. e4 c6 2. c4 d5 3. cxd5 cxd5 4. exd5 Nf6 5. Nc3 Nxd5 6. Bc4 e6 7. Nf3 Be7 8. d4 0-0 9. 0-0 Nxc3 10. bxc3 b6 11. d5 Qc7 12. Qe2 exd5 13. Bxd5 Bb7 14. Bxb7 Qxb7 15. Bf4 Nc6 16. Rfe1 Bf6 17. Rac1 Rad8 18. h4 h6 19. c4 Nd4 20. Nxd4 Rxd4 21. Bg3 Bxh4 22. Be5 Rd7 23. Qg4 Bg5 24. f4 f5 25. Qg3 Bf6 26. Bxf6 Rxf6 27. Re8+ Kh7 28. Rce1 Qc6 29. R1e7 Rxe7 30. Rxe7 Rg6 31. Qh3 Rxg2+ 32. Qxg2 Qc5+ 33. Kf1 Qxe7 34. Qd5 Qe4 35. Qxe4 fxe4 36. Ke2 Kg6 37. Ke3 Kf5 38. a4 g5 39. a5 gxf4+ 40. Kd4 0-1

[Event "Titled Tuesday intern op 16th Jan Late"]
[Site "Chess.com INT"]
[Date "2024.01.16"]
[Round "3"]
[White "Kovalevsky, Stanislav"]
[Black "Romanchuk, Viktor"]
[Result "0-1"]
[WhiteElo "2163"]
[BlackElo "2266"]
[PlyCount "47"]
[EventDate "2024.01.16"]
[EventType "swiss (blitz)"]
[EventRounds "11"]
[EventCountry "USA"]
[SourceTitle "CB04_2024"]
[SourceDate "2023.10.16"]
[SourceVersion "1"]
[SourceVersionDate "2023.10.16"]
[SourceQuality "1"]

1. e4 c6 2. c4 d5 3. cxd5 cxd5 4. exd5 Nf6 5. Nc3 Nxd5 6. Bc4 Nb6 7. Bb3 g6 8. Nf3 Bg7 9. 0-0 0-0 10. Re1 Nc6 11. d3 Bg4 12. h3 Bxf3 13. Qxf3 e6 14. Ne4 Nd4 15. Qg3 Nxb3 16. axb3 Nd5 17. Bg5 Qb6 18. h4 h5 19. Ra4 Qxb3 20. Nc5 Qxb2 21. Qf3 b5 22. Ra6 Qc3 23. Nd7 Qxe1+ 24. Kh2 0-1

[Event "Krakow op-A 34th"]
[Site "Krakow"]
[Date "2024.01.03"]
[Round "8"]
[White "Katsanis, Vasileios Dimitrios"]
[Black "Kovalevsky, Stanislav"]
[Result "1/2-1/2"]
[WhiteElo "2133"]
[BlackElo "2163"]
[PlyCount "133"]
[EventDate "2023.12.27"]
[EventType "swiss"]
[EventRounds "9"]
[EventCountry "POL"]
[SourceTitle "CB02_2024"]
[SourceDate "2024.01.10"]
[SourceVersion "1"]
[SourceVersionDate "2024.01.10"]
[SourceQuality "1"]

1. d4 Nf6 2. c4 e6 3. Nc3 Bb4 4. Qc2 0-0 5. a3 Bxc3+ 6. Qxc3 b6 7. Bg5 h6 8. Bh4 Bb7 9. e3 d6 10. f3 Nbd7 11. Bd3 c5 12. Ne2 cxd4 13. Qxd4 Nc5 14. Bc2 e5 15. Qc3 Rc8 16. Rc1 Ba6 17. Qb4 Qe7 18. e4 g5 19. Bf2 Nh5 20. 0-0 Nf4 21. Nxf4 gxf4 22. Qc3 Ne6 23. Bd3 Rc6 24. Qd2 Rfc8 25. b3 Kh8 26. Rc3 b5 27. Rfc1 Qc7 28. R3c2 bxc4 29. Bxc4 Qb7 30. Bxa6 Rxc2 31. Rxc2 Rxc2 32. Qxc2 Qxa6 33. a4 Qb7 34. Qc4 Kg7 35. h4 a6 36. b4 Nc7 37. Kh2 h5 38. Qc3 Kf6 39. Qc4 Ke7 40. g3 fxg3+ 41. Kxg3 Ke8 42. Be3 Ke7 43. Bg5+ Ke8 44. Kf2 Qb6+ 45. Be3 Qb7 46. Qc3 Kd7 47. Qc4 Ke8 48. a5 Nb5 49. Bb6 Kf8 50. Qc1 Ke8 51. Qg5 Nc7 52. Qxh5 Ne6 53. Qh6 Qc6 54. Qd2 Nf4 55. Be3 Qc4 56. Bxf4 exf4 57. Qxd6 Qc2+ 58. Kg1 Qc1+ 59. Kg2 Qc2+ 60. Kf1 Qc1+ 61. Ke2 Qe3+ 62. Kd1 Qxf3+ 63. Kd2 Qe3+ 64. Kd1 Qb3+ 65. Kd2 Qe3+ 66. Kd1 Qc3 67. Qd2 1/2-1/2

[Event "Krakow op-A 34th"]
[Site "Krakow"]
[Date "2024.01.02"]
[Round "7"]
[White "Kovalevsky, Stanislav"]
[Black "Krzyzanowski, Patryk"]
[Result "1-0"]
[WhiteElo "2163"]
[BlackElo "2102"]
[PlyCount "57"]
[EventDate "2023.12.27"]
[EventType "swiss"]
[EventRounds "9"]
[EventCountry "POL"]
[SourceTitle "CB02_2024"]
[SourceDate "2024.01.10"]
[SourceVersion "1"]
[SourceVersionDate "2024.01.10"]
[SourceQuality "1"]

1. e4 c5 2. c3 g6 3. d4 cxd4 4. cxd4 d5 5. e5 Bg7 6. Nc3 Nc6 7. Bb5 Bd7 8. Nf3 Rc8 9. 0-0 Bg4 10. h3 Bxf3 11. Qxf3 e6 12. Bxc6+ bxc6 13. Na4 Qh4 14. Bf4 g5 15. g3 Qxh3 16. Bxg5 h5 17. Nc5 h4 18. Nb7 Bf8 19. Bf4 hxg3 20. Bxg3 Nh6 21. Rfd1 Nf5 22. Qg2 Qh5 23. Rd3 Qe2 24. Rad1 Qxb2 25. Nd6+ Bxd6 26. exd6 Kd7 27. Rb3 Qe2 28. Rb7+ Kd8 29. Bh4+ 1-0

[Event "Titled Tuesday intern op 19th Dec Early"]
[Site "Chess.com INT"]
[Date "2023.12.19"]
[Round "1"]
[White "Kovalevsky, Stanislav"]
[Black "Agibileg, Uurtsaikh"]
[Result "0-1"]
[WhiteElo "2163"]
[BlackElo "2445"]
[PlyCount "68"]
[EventDate "2023.12.19"]
[EventType "swiss (blitz)"]
[EventRounds "11"]
[EventCountry "USA"]
[SourceTitle "CB52_2023"]
[SourceDate "2023.12.27"]
[SourceVersion "1"]
[SourceVersionDate "2023.12.27"]
[SourceQuality "1"]

1. e4 e5 2. Nf3 Nc6 3. Bc4 Nf6 4. d3 h6 5. Nbd2 d6 6. Nf1 g6 7. h3 Bg7 8. Be3 0-0 9. Qd2 Kh7 10. g4 Nd7 11. a4 Nb6 12. Bb3 Be6 13. c4 Nd7 14. Rg1 Nc5 15. Bc2 a5 16. h4 Nb4 17. h5 g5 18. Kd1 Bf6 19. Ne1 c6 20. Ra3 b5 21. axb5 cxb5 22. Bb1 bxc4 23. dxc4 Bxc4 24. Ng3 Nb3 25. Qc3 Rc8 26. Rxb3 Be2+ 27. Nxe2 Rxc3 28. Nxc3 Kh8 29. Nd3 d5 30. Nxb4 axb4 31. Nxd5 Be7 32. Bd3 Qd7 33. Kd2 Rc8 34. f3 Qa4 0-1

[Event "Titled Tuesday intern op 12th Dec Early"]
[Site "Chess.com INT"]
[Date "2023.12.12"]
[Round "9"]
[White "Kovalevsky, Stanislav"]
[Black "Agibileg, Uurtsaikh"]
[Result "0-1"]
[WhiteElo "2163"]
[BlackElo "2445"]
[PlyCount "38"]
[EventDate "2023.12.12"]
[EventType "swiss (blitz)"]
[EventRounds "11"]
[EventCountry "USA"]
[SourceTitle "CB51_2023"]
[SourceDate "2023.12.20"]
[SourceVersion "1"]
[SourceVersionDate "2023.12.20"]
[SourceQuality "1"]

1. e4 e5 2. Nf3 Nc6 3. Bb5 a6 4. Ba4 Nf6 5. 0-0 d6 6. Re1 Qd7 7. d4 b5 8. Bb3 Nxd4 9. Nxd4 exd4 10. e5 dxe5 11. Rxe5+ Be7 12. Qe2 Kf8 13. Bg5 Bb7 14. Nd2 Bd6 15. Bxf6 gxf6 16. Rh5 Re8 17. Qd3 Qg4 18. Rd5 Bxd5 19. Bxd5 Qh5 0-1

[Event "Titled Tuesday intern op 14th Nov Early"]
[Site "Chess.com INT"]
[Date "2023.11.14"]
[Round "1"]
[White "Kovalevsky, Stanislav"]
[Black "Szpar, Milosz"]
[Result "1-0"]
[WhiteElo "2163"]
[BlackElo "2485"]
[PlyCount "61"]
[EventDate "2023.11.14"]
[EventType "swiss (blitz)"]
[EventRounds "11"]
[EventCountry "USA"]
[SourceTitle "CB47_2023"]
[SourceDate "2023.11.22"]
[SourceVersion "1"]
[SourceVersionDate "2023.11.22"]
[SourceQuality "1"]

1. e4 c5 2. c3 d5 3. exd5 Qxd5 4. Nf3 Nf6 5. d4 Nc6 6. Be3 cxd4 7. cxd4 e6 8. Nc3 Qa5 9. a3 Bd6 10. Bd3 0-0 11. 0-0 a6 12. Qe2 b5 13. Ne4 Be7 14. Nxf6+ Bxf6 15. Bxh7+ Kxh7 16. Qc2+ Kg8 17. Qxc6 Rb8 18. Ne5 Bb7 19. Qc2 Rbc8 20. Qe2 Rfd8 21. Rac1 b4 22. Rxc8 Rxc8 23. axb4 Qxb4 24. Nd7 Bxd4 25. Qg4 Bc5 26. Nf6+ Kf8 27. Bxc5+ Qxc5 28. Nd7+ Ke7 29. Nxc5 Rxc5 30. Qb4 Kd6 31. Rc1 1-0